Aportaciones para una monografía del pintor Carlos de Haes / (Record no. 44187)
[ view plain ]
| 000 -LEADER | |
|---|---|
| campo de control de longitud fija | 01041nam a2200265 i 4500 |
| 001 - NÚMERO DE CONTROL | |
| campo de control | 44187 |
| 003 - IDENTIFICADOR DE NÚMERO DE CONTROL | |
| campo de control | ES-MaACL |
| 005 - FECHA Y HORA DE LA ÚLTIMA TRANSACCIÓN | |
| campo de control | 20250709063213.0 |
| 007 - CAMPO FIJO DE DESCRIPCIÓN FÍSICA--INFORMACIÓN GENERAL | |
| campo de control de longitud fija | t| |
| 008 - DATOS DE LONGITUD FIJA--INFORMACIÓN GENERAL | |
| campo de control de longitud fija | 030320e1956 sp ||||1| spa d |
| 080 ## - NÚMERO DE LA CLASIFICACIÓN DECIMAL UNIVERSAL | |
| Número de la Clasificación Decimal Universal | 75 Haes, Carlos de |
| 100 1# - ENTRADA PRINCIPAL--NOMBRE DE PERSONA | |
| Nombre de persona | Cid Priego, Carlos. |
| Término indicativo de función/relación | Autor |
| 9 (RLIN) | 38772 |
| 245 10 - MENCIÓN DEL TÍTULO | |
| Título | Aportaciones para una monografía del pintor Carlos de Haes / |
| Mención de responsabilidad, etc. | por Carlos Cid Priego. |
| 260 ## - PUBLICACIÓN, DISTRIBUCIÓN, ETC. | |
| Lugar de publicación, distribución, etc. | Lérida : |
| Nombre del editor, distribuidor, etc. | Diputación Provincial, |
| Fecha de publicación, distribución, etc. | 1956 |
| 300 ## - DESCRIPCIÓN FÍSICA | |
| Extensión | 113 páginas, XI láminas ; |
| Dimensiones | 23 cm. |
| 500 ## - NOTA GENERAL | |
| Nota general | Precede al tít.: Instituto de Estudios Ilerdenses |
| 500 ## - NOTA GENERAL | |
| Nota general | Publicación editada con motivo de la exposición "Carlos de Haes" presentada en el Ateneo de Madrid en el mes de enero |
| 600 14 - PUNTO DE ACCESO ADICIONAL DE MATERIA--NOMBRE DE PERSONA | |
| Nombre de persona | Haes, Carlos de, |
| Fechas asociadas al nombre | 1826-1898 |
| 9 (RLIN) | 61430 |
| 710 2# - ENTRADA AGREGADA--NOMBRE DE ENTIDAD CORPORATIVA | |
| Nombre de entidad corporativa o nombre de jurisdicción como elemento de entrada | Instituto de Estudios Ilerdenses. |
| Término indicativo de función/relación | entidad responsable |
| 9 (RLIN) | 4911 |
| 710 1# - ENTRADA AGREGADA--NOMBRE DE ENTIDAD CORPORATIVA | |
| Unidad subordinada | Diputación Provincial |
| Nombre de entidad corporativa o nombre de jurisdicción como elemento de entrada | Lérida (Provincia). |
| Término indicativo de función/relación | Editor |
| 9 (RLIN) | 5498 |
| 852 ## - LOCALIZACIÓN | |
| Ubicación | ES-MaACL |
| Ubicación en estantería | Sala Palomar |
| Número de control de estantería | C-10206 |
| Sublocalización o colección | R.38690 |
| 942 ## - ELEMENTOS DE ENTRADA SECUNDARIOS (KOHA) | |
| Fuente del sistema de clasificación o colocación | Clasificación decimal universal |
| Tipo de ítem Koha | Libro impreso |
| Suprimir en OPAC | No |
| Estatus retirado | Estado de pérdida | Estado de daño | No para préstamo | Biblioteca de origen | Biblioteca actual | Ubicación en estantería | Fecha de adquisición | Fuente de adquisición | Total de préstamos | Signatura topográfica completa | Código de barras | Visto por última vez | Precio de reemplazo | Tipo de ítem Koha |
|---|---|---|---|---|---|---|---|---|---|---|---|---|---|---|
| Biblioteca del Ateneo de Madrid | Biblioteca del Ateneo de Madrid | Sala Palomar | 17/01/2008 | C-10206 | 1046506 | 23/02/2023 | 23/02/2023 | Libro impreso |
